English sentence analysis. An introductory course.

Guardado en:
Detalles Bibliográficos
Autores principales: Verspoor, Marjolijn (Autor), Sauter, Kim (Autor)
Formato: Desconocido
Lenguaje:inglés
Publicado: Amsterdam, The Netherlands: John Benjamins Publishing Company, 2000
Materias:
Etiquetas: Agregar Etiqueta
Sin Etiquetas, Sea el primero en etiquetar este registro!

MARC

LEADER 00000 a2200000 4500
003 CL-VaPUC
005 20250312142218.0
008 220325b2000 ||||| |||| 00| 0 eng d
999 |c 434355  |d 434353 
020 |a 978-1556196614 
040 |c Pontificia Universidad Católica de Valparaíso 
082 7 |a 428.2 VER 2000  |2 22 
100 |a Verspoor, Marjolijn  |9 457070  |e author 
245 1 |a English sentence analysis.   |b An introductory course.  
260 |a Amsterdam, The Netherlands:  |b John Benjamins Publishing Company,   |c 2000 
300 |a 245 páginas   |e Incluye CD 
583 |k Cristina María Rojas Aguilar  |c 20220325 
650 0 |a Lengua inglesa  |9 453712  |x Oraciones  
650 0 |a Lengua inglesa  |x Sintaxis   |9 318842 
700 |a Sauter, Kim   |9 867720  |e author 
942 |2 ddc  |c BK 
952 |0 0  |1 0  |2 ddc  |4 0  |6 428_200000000000000_VER_2000  |7 0  |8 A  |9 582080  |a BIBEDU  |b BIBEDU  |c GEN  |d 2022-03-22  |e 59  |g 22527.21  |i 5650210  |l 1  |o 428.2 VER 2000  |p 5650210  |r 2023-07-05  |s 2023-07-05  |t 1  |v 22527.21  |w 2022-03-22  |y BK  |k LIT